Bài tập hóa học hữu cơ
Gồm các bài tập tự luận, đại cương và tổng hợp hữu cơ, cơ chế chuyển hoá một số hợp chất hữu cơ, phân tích tổng hợp lùi và tách riêng từng chất có trong hỗn hợp chất hữu cơ
保存先:
| 第一著者: | |
|---|---|
| フォーマット: | 図書 |
| 言語: | Undetermined |
| 出版事項: |
H.
Giáo dục Việt Nam
2016
|
| 主題: | |
| オンライン・アクセス: | http://lrc.tdmu.edu.vn/opac/search/detail.asp?aID=2&ID=33182 |
| タグ: |
タグ追加
タグなし, このレコードへの初めてのタグを付けませんか!
|
| Thư viện lưu trữ: | Trung tâm Học liệu Trường Đại học Thủ Dầu Một |
|---|
| LEADER | 00945nam a2200205Ia 4500 | ||
|---|---|---|---|
| 001 | TDMU_33182 | ||
| 008 | 210410s9999 xx 000 0 und d | ||
| 082 | |a 571.1177 | ||
| 090 | |b NG450 | ||
| 100 | |a Ngô, Thị Thuận | ||
| 245 | 0 | |a Bài tập hóa học hữu cơ | |
| 245 | 0 | |c Ngô Thị Thuận | |
| 260 | |a H. | ||
| 260 | |b Giáo dục Việt Nam | ||
| 260 | |c 2016 | ||
| 300 | |a 215tr. | ||
| 520 | |a Gồm các bài tập tự luận, đại cương và tổng hợp hữu cơ, cơ chế chuyển hoá một số hợp chất hữu cơ, phân tích tổng hợp lùi và tách riêng từng chất có trong hỗn hợp chất hữu cơ | ||
| 650 | |a Hóa học |x Hữu cơ |v Bài tập; Hóa hữu cơ | ||
| 856 | |u http://lrc.tdmu.edu.vn/opac/search/detail.asp?aID=2&ID=33182 | ||
| 980 | |a Trung tâm Học liệu Trường Đại học Thủ Dầu Một | ||